MARC

LEADER 00000nam0a2200000 4500
001 123361
005 20231101215813.0
035 |a (RuTPU)RU\TPU\book\133538 
090 |a 123361 
100 |a 20071016d1964 k y0rusy50 ca 
101 1 |a rus  |c ger 
102 |a RU 
105 |a a z 001zy 
200 1 |a Методы инфракрасной спектроскопии в химическом анализе  |e пер. с нем.  |f И. Кесслер 
210 |a Москва  |c Мир  |d 1964 
215 |a 288 с.  |c ил. 
320 |a Библиогр.: с. 275-282. 
606 1 |a Спектрометрия инфракрасная  |2 stltpush  |3 (RuTPU)RU\TPU\subj\73703  |9 86548 
610 1 |a химия 
610 1 |a спектроскопия 
610 1 |a инфракрасная спектроскопия 
610 1 |a химический анализ 
610 1 |a применение 
610 1 |a качественный анализ 
610 1 |a количественный анализ 
610 1 |a документация 
675 |a 543.422.3-74  |v 3 
700 1 |a Кесслер  |b И. 
801 1 |a RU  |b 63413507  |c 20071016  |g PSBO 
801 2 |a RU  |b 63413507  |c 20141205  |g PSBO 
942 |c BK